<?xml version="1.0" encoding="UTF-8"?>
<record
    xmlns:xsi="http://www.w3.org/2001/XMLSchema-instance"
    xsi:schemaLocation="http://www.loc.gov/MARC21/slim http://www.loc.gov/standards/marcxml/schema/MARC21slim.xsd"
    xmlns="http://www.loc.gov/MARC21/slim">

  <leader>00667nam a22001337a 4500</leader>
  <datafield tag="040" ind1=" " ind2=" ">
    <subfield code="c">RUA</subfield>
  </datafield>
  <datafield tag="082" ind1=" " ind2=" ">
    <subfield code="a">VEM PHU 2021 B1-602 Or.</subfield>
  </datafield>
  <datafield tag="100" ind1=" " ind2=" ">
    <subfield code="a">PHUON SOVANMONY,&#x1797;&#x17BD;&#x1793; &#x179F;&#x17BB;&#x179C;&#x178E;&#x17D2;&#x178E;&#x1798;&#x17BB;&#x1793;&#x17B8;</subfield>
  </datafield>
  <datafield tag="245" ind1=" " ind2=" ">
    <subfield code="a">HEMOPARASITES IN CHICKENS AT KOH CHORAM COMMUNE,KSACH KANDAL DISTRICT,KANDAL PROVINCE,&#x1794;&#x179A;&#x17B6;&#x179F;&#x17B7;&#x178F;&#x1780;&#x17D2;&#x1793;&#x17BB;&#x1784;&#x1788;&#x17B6;&#x1798;&#x1798;&#x17B6;&#x1793;&#x17CB;&#x1793;&#x17C5;&#x1783;&#x17BB;&#x17C6;&#x1780;&#x17C4;&#x17C7;&#x1785;&#x17BC;&#x179A;&#x17C9;&#x17B6;&#x1798; &#x179F;&#x17D2;&#x179A;&#x17BB;&#x1780;&#x1781;&#x17D2;&#x179F;&#x17B6;&#x1785;&#x17CB;&#x1780;&#x178E;&#x17D2;&#x178F;&#x17B6;&#x179B; &#x1781;&#x17C1;&#x178F;&#x17D2;&#x178F;&#x1780;&#x178E;&#x17D2;&#x178F;&#x17B6;&#x179B;</subfield>
  </datafield>
  <datafield tag="260" ind1=" " ind2=" ">
    <subfield code="a">phnom penh</subfield>
    <subfield code="b">rua</subfield>
    <subfield code="c">2021</subfield>
  </datafield>
  <datafield tag="300" ind1=" " ind2=" ">
    <subfield code="a">ix.39p.</subfield>
    <subfield code="b">ill.</subfield>
    <subfield code="c">29cm.</subfield>
  </datafield>
  <datafield tag="856" ind1=" " ind2=" ">
    <subfield code="u">https://drive.google.com/file/d/1TB_qC-fk3TdRLDZpBnCp8DtUNOKEwz6Y/view?usp=sharing</subfield>
  </datafield>
  <datafield tag="942" ind1=" " ind2=" ">
    <subfield code="c">VEM</subfield>
  </datafield>
  <datafield tag="999" ind1=" " ind2=" ">
    <subfield code="c">21664</subfield>
    <subfield code="d">21664</subfield>
  </datafield>
  <datafield tag="952" ind1=" " ind2=" ">
    <subfield code="0">0</subfield>
    <subfield code="1">0</subfield>
    <subfield code="4">0</subfield>
    <subfield code="6">VEM_PHU_2021_000000000000000_B1602_OR</subfield>
    <subfield code="7">0</subfield>
    <subfield code="9">94120</subfield>
    <subfield code="a">LBB</subfield>
    <subfield code="b">LBB</subfield>
    <subfield code="c">B1.602</subfield>
    <subfield code="d">2023-08-16</subfield>
    <subfield code="l">1</subfield>
    <subfield code="o">VEM PHU 2021 B1-602 Or.</subfield>
    <subfield code="p">a72406</subfield>
    <subfield code="r">2024-01-03</subfield>
    <subfield code="s">2023-12-05</subfield>
    <subfield code="y">VEM</subfield>
  </datafield>
  <datafield tag="952" ind1=" " ind2=" ">
    <subfield code="0">0</subfield>
    <subfield code="1">0</subfield>
    <subfield code="4">0</subfield>
    <subfield code="6">VEM_PHU_2021_000000000000000_B1602_OR</subfield>
    <subfield code="7">0</subfield>
    <subfield code="9">94121</subfield>
    <subfield code="a">LBB</subfield>
    <subfield code="b">LBB</subfield>
    <subfield code="c">B1.602</subfield>
    <subfield code="d">2023-08-16</subfield>
    <subfield code="o">VEM PHU 2021 B1-602 Or.</subfield>
    <subfield code="p">a071814</subfield>
    <subfield code="r">2023-08-16</subfield>
    <subfield code="y">VEM</subfield>
  </datafield>
  <datafield tag="952" ind1=" " ind2=" ">
    <subfield code="0">0</subfield>
    <subfield code="1">0</subfield>
    <subfield code="4">0</subfield>
    <subfield code="6">VEM_PHU_2021_000000000000000_B1602_OR</subfield>
    <subfield code="7">0</subfield>
    <subfield code="9">94122</subfield>
    <subfield code="a">LBB</subfield>
    <subfield code="b">LBB</subfield>
    <subfield code="c">B1.602</subfield>
    <subfield code="d">2023-08-16</subfield>
    <subfield code="o">VEM PHU 2021 B1-602 Or.</subfield>
    <subfield code="p">a071810</subfield>
    <subfield code="r">2023-08-16</subfield>
    <subfield code="y">VEM</subfield>
  </datafield>
  <datafield tag="952" ind1=" " ind2=" ">
    <subfield code="0">0</subfield>
    <subfield code="1">0</subfield>
    <subfield code="4">0</subfield>
    <subfield code="6">VEM_PHU_2021_000000000000000_B1602_OR</subfield>
    <subfield code="7">0</subfield>
    <subfield code="9">94123</subfield>
    <subfield code="a">LBB</subfield>
    <subfield code="b">LBB</subfield>
    <subfield code="c">B1.602</subfield>
    <subfield code="d">2023-08-16</subfield>
    <subfield code="o">VEM PHU 2021 B1-602 Or.</subfield>
    <subfield code="p">a72496</subfield>
    <subfield code="r">2023-08-16</subfield>
    <subfield code="y">VEM</subfield>
  </datafield>
  <datafield tag="952" ind1=" " ind2=" ">
    <subfield code="0">0</subfield>
    <subfield code="1">0</subfield>
    <subfield code="4">0</subfield>
    <subfield code="6">VEM_PHU_2021_000000000000000_B1602_OR</subfield>
    <subfield code="7">0</subfield>
    <subfield code="9">94124</subfield>
    <subfield code="a">LBB</subfield>
    <subfield code="b">LBB</subfield>
    <subfield code="c">B1.602</subfield>
    <subfield code="d">2023-08-16</subfield>
    <subfield code="l">1</subfield>
    <subfield code="o">VEM PHU 2021 B1-602 Or.</subfield>
    <subfield code="p">a72646</subfield>
    <subfield code="r">2024-07-02</subfield>
    <subfield code="s">2024-07-01</subfield>
    <subfield code="y">VEM</subfield>
  </datafield>
  <datafield tag="952" ind1=" " ind2=" ">
    <subfield code="0">0</subfield>
    <subfield code="1">0</subfield>
    <subfield code="4">0</subfield>
    <subfield code="6">VEM_PHU_2021_000000000000000_B1602_OR</subfield>
    <subfield code="7">0</subfield>
    <subfield code="9">94125</subfield>
    <subfield code="a">LBB</subfield>
    <subfield code="b">LBB</subfield>
    <subfield code="c">B1.602</subfield>
    <subfield code="d">2023-08-16</subfield>
    <subfield code="o">VEM PHU 2021 B1-602 Or.</subfield>
    <subfield code="p">a071877</subfield>
    <subfield code="r">2023-08-16</subfield>
    <subfield code="y">VEM</subfield>
  </datafield>
</record>
